Co to za ptak? #9 - Statystyki

Ogólne statystyki
  • Ten quiz został rozwiązany 28 razy
  • Średni wynik to 10 z 24
Statystyki odpowiedzi
Obrazkowy Hint Odpowiedź % Poprawnych
x różowogłowy Sępnik / Urubu
100%
x srokata Gralina
67%
inaczej Pokrzewka czarnogłowa Kapturka
67%
x zwyczajna Markaczka
67%
x zwyczajna Słonka
67%
inaczej Samotnik lub Brodziec samotny Stalugwa
67%
Warcabnik
67%
x mała Darwinka
33%
x senegalski Dropik
33%
x zwyczajny Kaniuk
33%
(rasa kur) Kornisz / Cornish
33%
Kurhannik
33%
Mimik
33%
x maderski Nawałnik
33%
Ogniczek
33%
x perlisty Przepiór
33%
Ryżojad
33%
x siwogłowy Stadniak
33%
Strepet
33%
Wrończyk
33%
x złotoczelny Zielenik
33%
x rdzawy Błyskotek
0%
x amarantowy, inaczej Bławatnik amarantowy Palmożer
0%
x bażanci Preriokur
0%
Nie znaleziono quizów pasujących do podanych kryteriów
Rozkład punktacji
Procent ludzi z każdym wynikiem
Percentyl według liczby udzielonych odpowiedzi
Twoja historia wyników
Nie rozwiązałeś tego quizu